[Event "blitmenteam"]
[Site "?"]
[Date "2016.10.07"]
[Round "9.18"]
[White "Predke, Alexandr"]
[Black "Paravyan, David"]
[Result "1-0"]
[LiveChessVersion "1.4.4"]
[BlackElo "2579"]
[WhiteElo "2500"]

1. c4 {[%clk 0:03:03]} c5 {[%clk 0:03:01]} 2. g3 {[%clk 0:03:00]} g6
{[%clk 0:03:02]} 3. Bg2 {[%clk 0:03:00]} Bg7 {[%clk 0:03:04]} 4. Nf3
{[%clk 0:03:00]} Nc6 {[%clk 0:03:03]} 5. O-O {[%clk 0:03:00]} e6 {[%clk 0:03:01]}
6. Nc3 {[%clk 0:02:50]} Nge7 {[%clk 0:03:03]} 7. d4 {[%clk 0:02:35]} Nxd4
{[%clk 0:02:44]} 8. Nxd4 {[%clk 0:02:32]} cxd4 {[%clk 0:02:43]} 9. Nb5
{[%clk 0:02:32]} Nf5 {[%clk 0:02:24]} 10. Bf4 {[%clk 0:02:23]} e5
{[%clk 0:02:21]} 11. e4 {[%clk 0:02:24]} Ne7 {[%clk 0:01:52]} 12. Nd6+
{[%clk 0:02:15]} Kf8 {[%clk 0:01:53]} 13. c5 {[%clk 0:02:13]} exf4
{[%clk 0:01:49]} 14. Qb3 {[%clk 0:02:15]} Nd5 {[%clk 0:01:38]} 15. exd5
{[%clk 0:02:12]} Be5 {[%clk 0:00:40]} 16. Rfe1 {[%clk 0:02:13]} Bxd6
{[%clk 0:00:09]} 17. cxd6 {[%clk 0:02:14]} Qf6 {[%clk 0:00:10]} 18. Re4
{[%clk 0:01:45]} Kg7 {[%clk 0:00:07]} 19. Rae1 {[%clk 0:01:41]} Qxd6
{[%clk 0:00:06]} 20. Rxd4 {[%clk 0:01:38]} b6 {[%clk 0:00:04]} 21. Rxf4
{[%clk 0:01:32]} Rf8 {[%clk 0:00:05]} 22. Qc3+ f6 23. Rfe4 {[%clk 0:00:51]} Bb7
{[%clk 0:00:08]} 24. Re7+ {[%clk 0:00:52]} Rf7 {[%clk 0:00:09]} 25. Rxf7+
{[%clk 0:00:40]} Kxf7 {[%clk 0:00:11]} 26. Qd2 {[%clk 0:00:40]} Re8
{[%clk 0:00:09]} 27. Rxe8 {[%clk 0:00:40]} Kxe8 {[%clk 0:00:10]} 28. Qh6
{[%clk 0:00:39]} Qe7 {[%clk 0:00:09]} 29. Qd2 {[%clk 0:00:26]} Qe5
{[%clk 0:00:10]} 30. h4 {[%clk 0:00:26]} Kd8 {[%clk 0:00:07]} 31. Kh2
{[%clk 0:00:24]} a5 {[%clk 0:00:06]} 32. a3 {[%clk 0:00:24]} Kc7 {[%clk 0:00:06]}
33. b4 {[%clk 0:00:23]} axb4 {[%clk 0:00:06]} 34. d6+ {[%clk 0:00:20]} Kb8
{[%clk 0:00:08]} 35. Qxb4 {[%clk 0:00:16]} Bxg2 {[%clk 0:00:07]} 36. Kxg2
{[%clk 0:00:17]} Qd5+ {[%clk 0:00:06]} 37. Kh2 {[%clk 0:00:16]} Kb7
{[%clk 0:00:07]} 38. a4 {[%clk 0:00:09]} Kc6 {[%clk 0:00:08]} 39. Qc3+
{[%clk 0:00:10]} Kxd6 {[%clk 0:00:04]} 40. Qxf6+ {[%clk 0:00:11]} Kc7
{[%clk 0:00:05]} 41. Qf4+ {[%clk 0:00:12]} Kb7 {[%clk 0:00:06]} 42. g4
{[%clk 0:00:12]} b5 {[%clk 0:00:03]} 43. axb5 Qxb5 {[%clk 0:00:04]} 44. Qf7
{[%clk 0:00:07]} h5 {[%clk 0:00:03]} 45. gxh5 {[%clk 0:00:06]} Qe5+
{[%clk 0:00:03]} 46. Kg2 {[%clk 0:00:06]} Qxh5 {[%clk 0:00:03]} 47. Qxd7+
{[%clk 0:00:07]} Kb6 {[%clk 0:00:04]} 48. Qd6+ {[%clk 0:00:07]} Kb7
{[%clk 0:00:06]} 49. Kg3 {[%clk 0:00:08]} Kc8 {[%clk 0:00:06]} 50. Qe6+
{[%clk 0:00:08]} Kd8 {[%clk 0:00:04]} 51. Qf6+ {[%clk 0:00:08]} Ke8
{[%clk 0:00:06]} 52. Qg5 {[%clk 0:00:09]} Qh7 {[%clk 0:00:06]} 53. Qb5+
{[%clk 0:00:09]} Kf8 {[%clk 0:00:04]} 54. Qb8+ {[%clk 0:00:10]} Kg7
{[%clk 0:00:05]} 55. Qc7+ {[%clk 0:00:11]} Kh6 {[%clk 0:00:05]} 56. Qxh7+
{[%clk 0:00:09]} Kxh7 {[%clk 0:00:07]} 57. Kf4 {[%clk 0:00:11]} Kh6
{[%clk 0:00:04]} 58. Kg4 {[%clk 0:00:12]} Kg7 {[%clk 0:00:04]} 59. Kg5
{[%clk 0:00:13]} Kf7 {[%clk 0:00:04]} 60. h5 {[%clk 0:00:10]} gxh5
{[%clk 0:00:05]} 61. Kxh5 {[%clk 0:00:11]} Kf6 {[%clk 0:00:05]} 62. Kg4
{[%clk 0:00:12]} Kg6 {[%clk 0:00:06]} 63. Kf4 {[%clk 0:00:14]} Kf6
{[%clk 0:00:07]} 64. f3 {[%clk 0:00:15]} 1-0

[Event "blitmenteam"]
[Site "?"]
[Date "2016.10.07"]
[Round "9.19"]
[White "Matinian, Nikita"]
[Black "Yuffa, Daniil"]
[Result "1-0"]
[LiveChessVersion "1.4.4"]
[BlackElo "2460"]
[WhiteElo "2539"]

1. e4 {[%clk 0:03:03]} Nf6 {[%clk 0:03:03]} 2. e5 {[%clk 0:03:04]} Nd5
{[%clk 0:03:05]} 3. d4 {[%clk 0:03:05]} d6 {[%clk 0:03:06]} 4. c4
{[%clk 0:03:06]} Nb6 {[%clk 0:03:07]} 5. f4 {[%clk 0:03:07]} dxe5
{[%clk 0:03:07]} 6. fxe5 {[%clk 0:03:08]} Nc6 {[%clk 0:03:06]} 7. Be3
{[%clk 0:03:10]} Bf5 {[%clk 0:03:07]} 8. Nc3 {[%clk 0:03:10]} e6 {[%clk 0:03:08]}
9. Nf3 {[%clk 0:03:10]} Bb4 {[%clk 0:03:08]} 10. Be2 {[%clk 0:02:50]} O-O
{[%clk 0:02:52]} 11. O-O {[%clk 0:02:51]} Na5 {[%clk 0:02:41]} 12. Nd2
{[%clk 0:02:38]} Qd7 {[%clk 0:02:30]} 13. a3 {[%clk 0:02:28]} Bxc3 14. bxc3
{[%clk 0:02:29]} Qa4 {[%clk 0:02:29]} 15. Qxa4 {[%clk 0:02:15]} Nxa4
{[%clk 0:02:30]} 16. Rac1 {[%clk 0:02:12]} Rfd8 {[%clk 0:02:24]} 17. g4
{[%clk 0:02:11]} Bg6 {[%clk 0:02:25]} 18. h4 {[%clk 0:02:12]} h6 {[%clk 0:02:26]}
19. h5 {[%clk 0:02:13]} Bh7 {[%clk 0:02:27]} 20. g5 {[%clk 0:02:08]} hxg5
{[%clk 0:02:22]} 21. Bxg5 {[%clk 0:02:10]} Rd7 {[%clk 0:02:24]} 22. h6
{[%clk 0:02:11]} c5 {[%clk 0:02:17]} 23. Rf4 {[%clk 0:02:01]} Nc6
{[%clk 0:02:09]} 24. Nf3 {[%clk 0:01:52]} Rc8 {[%clk 0:01:27]} 25. hxg7
{[%clk 0:01:52]} Ne7 {[%clk 0:01:21]} 26. Bf6 {[%clk 0:01:40]} cxd4
{[%clk 0:01:03]} 27. cxd4 {[%clk 0:01:38]} Nf5 {[%clk 0:00:44]} 28. Kf2
{[%clk 0:01:27]} Nb2 {[%clk 0:00:31]} 29. Rh1 {[%clk 0:01:20]} Nxg7
{[%clk 0:00:24]} 30. Rfh4 {[%clk 0:01:19]} 1-0

[Event "blitmenteam"]
[Site "?"]
[Date "2016.10.07"]
[Round "9.20"]
[White "Lugovskoy, Maxim"]
[Black "Vastrukhin, Oleg"]
[Result "1-0"]
[LiveChessVersion "1.4.4"]
[BlackElo "2355"]
[WhiteElo "2427"]

1. d4 {[%clk 0:03:03]} g6 {[%clk 0:03:04]} 2. Nc3 {[%clk 0:03:02]} Bg7
{[%clk 0:03:05]} 3. Bf4 {[%clk 0:02:57]} d6 {[%clk 0:03:02]} 4. e4
{[%clk 0:02:56]} Nd7 {[%clk 0:03:03]} 5. Nf3 {[%clk 0:02:56]} e5 {[%clk 0:02:57]}
6. Bg5 {[%clk 0:02:50]} Bf6 {[%clk 0:02:50]} 7. Bxf6 Ngxf6 {[%clk 0:02:51]} 8.
Qd2 {[%clk 0:02:44]} O-O {[%clk 0:02:49]} 9. O-O-O {[%clk 0:02:44]} exd4
{[%clk 0:02:34]} 10. Nxd4 {[%clk 0:02:45]} a6 {[%clk 0:02:25]} 11. f4
{[%clk 0:02:44]} b5 {[%clk 0:02:23]} 12. Nc6 {[%clk 0:02:15]} Qe8
{[%clk 0:02:24]} 13. Nd5 {[%clk 0:02:16]} Bb7 {[%clk 0:02:12]} 14. Nxc7
{[%clk 0:02:12]} Qxe4 {[%clk 0:02:05]} 15. Nb4 {[%clk 0:01:32]} Rac8
{[%clk 0:01:58]} 16. Nbxa6 {[%clk 0:01:07]} Qa4 {[%clk 0:01:43]} 17. Qb4
{[%clk 0:00:30]} Qxa2 {[%clk 0:01:43]} 18. Qa3 {[%clk 0:00:31]} Qxa3
{[%clk 0:01:33]} 19. bxa3 {[%clk 0:00:33]} Ne4 {[%clk 0:01:31]} 20. Bxb5
{[%clk 0:00:32]} Ndc5 {[%clk 0:01:27]} 21. Rde1 {[%clk 0:00:17]} Nc3
{[%clk 0:01:28]} 22. a4 {[%clk 0:00:09]} Bxg2 {[%clk 0:01:14]} 23. Rhg1
{[%clk 0:00:10]} Be4 {[%clk 0:01:12]} 24. Nxc5 {[%clk 0:00:11]} dxc5
{[%clk 0:01:13]} 25. Na6 {[%clk 0:00:11]} Bf5 {[%clk 0:01:11]} 26. Kb2
{[%clk 0:00:11]} Nd5 {[%clk 0:01:11]} 27. Re5 {[%clk 0:00:10]} Be6
{[%clk 0:01:08]} 28. f5 {[%clk 0:00:11]} Nf4 {[%clk 0:00:54]} 29. fxe6 Nxe6
{[%clk 0:00:55]} 30. Bc4 {[%clk 0:00:09]} Nd4 {[%clk 0:00:54]} 31. Rxc5
{[%clk 0:00:09]} Ra8 {[%clk 0:00:55]} 32. Kc3 {[%clk 0:00:09]} Ne6
{[%clk 0:00:33]} 33. Bxe6 {[%clk 0:00:09]} fxe6 {[%clk 0:00:33]} 34. Rc6
{[%clk 0:00:10]} Rf3+ {[%clk 0:00:32]} 35. Kb2 {[%clk 0:00:11]} Rf2
{[%clk 0:00:33]} 36. h4 {[%clk 0:00:11]} e5 {[%clk 0:00:30]} 37. Re1
{[%clk 0:00:13]} Rf4 {[%clk 0:00:30]} 38. Nc5 {[%clk 0:00:13]} Rb8+
{[%clk 0:00:30]} 39. Kc3 {[%clk 0:00:14]} Rxh4 {[%clk 0:00:29]} 40. Rxe5
{[%clk 0:00:15]} Rh3+ {[%clk 0:00:30]} 41. Nd3 {[%clk 0:00:16]} Rb7
{[%clk 0:00:31]} 42. Rec5 {[%clk 0:00:16]} Rh1 {[%clk 0:00:29]} 43. a5
{[%clk 0:00:17]} Ra1 {[%clk 0:00:30]} 44. a6 {[%clk 0:00:18]} Rf7
{[%clk 0:00:31]} 45. Ne5 {[%clk 0:00:15]} Re7 {[%clk 0:00:30]} 46. Rc8+
{[%clk 0:00:15]} Kg7 {[%clk 0:00:31]} 47. R8c7 {[%clk 0:00:16]} Rxc7
{[%clk 0:00:32]} 48. Rxc7+ {[%clk 0:00:17]} Kf6 {[%clk 0:00:33]} 49. Nd7+
{[%clk 0:00:17]} Kf5 {[%clk 0:00:35]} 50. a7 {[%clk 0:00:17]} h5 {[%clk 0:00:36]}
51. Nc5 {[%clk 0:00:14]} h4 {[%clk 0:00:37]} 52. Kb4 {[%clk 0:00:15]} h3
{[%clk 0:00:37]} 53. Na4 {[%clk 0:00:16]} h2 {[%clk 0:00:31]} 54. Rh7
{[%clk 0:00:10]} h1=Q {[%clk 0:00:30]} 55. Rxh1 {[%clk 0:00:11]} Rxh1
{[%clk 0:00:31]} 56. a8=Q {[%clk 0:00:12]} Rh4+ {[%clk 0:00:32]} 57. c4
{[%clk 0:00:13]} g5 {[%clk 0:00:34]} 58. Qc8+ {[%clk 0:00:14]} Kf4
{[%clk 0:00:35]} 59. Qc7+ {[%clk 0:00:15]} Kf3 {[%clk 0:00:37]} 60. Qc6+
{[%clk 0:00:15]} Kg3 {[%clk 0:00:37]} 61. Nc3 {[%clk 0:00:16]} g4
{[%clk 0:00:39]} 62. Ne4+ {[%clk 0:00:17]} Kh3 {[%clk 0:00:39]} 63. Ng5+
{[%clk 0:00:19]} Kg3 {[%clk 0:00:39]} 64. Qd6+ {[%clk 0:00:18]} Kg2
{[%clk 0:00:39]} 65. Qd2+ {[%clk 0:00:19]} Kg3 {[%clk 0:00:39]} 66. Qe1+
{[%clk 0:00:20]} 1-0

[Event "blitmenteam"]
[Site "?"]
[Date "2016.10.07"]
[Round "10.2"]
[White "Potapov, Pavel"]
[Black "Morozevich, Alexander"]
[Result "1-0"]
[LiveChessVersion "1.4.4"]
[BlackElo "2669"]
[WhiteElo "2471"]

1. e4 {[%clk 0:03:03]} c5 {[%clk 0:03:02]} 2. c3 {[%clk 0:03:04]} Nf6
{[%clk 0:03:03]} 3. e5 {[%clk 0:03:04]} Nd5 {[%clk 0:03:04]} 4. Bc4
{[%clk 0:03:05]} Nb6 {[%clk 0:03:04]} 5. Bb3 {[%clk 0:03:06]} d5 {[%clk 0:03:01]}
6. exd6 {[%clk 0:03:06]} Qxd6 {[%clk 0:03:02]} 7. Nf3 {[%clk 0:03:07]} Nc6
{[%clk 0:03:00]} 8. O-O {[%clk 0:03:05]} c4 {[%clk 0:02:54]} 9. Bc2
{[%clk 0:03:05]} Bg4 {[%clk 0:02:56]} 10. h3 {[%clk 0:03:01]} Bh5
{[%clk 0:02:53]} 11. Re1 {[%clk 0:03:01]} e6 {[%clk 0:02:36]} 12. b3
{[%clk 0:02:56]} Ne5 {[%clk 0:01:53]} 13. Rxe5 {[%clk 0:02:44]} Bxf3
{[%clk 0:01:53]} 14. Qe1 {[%clk 0:02:44]} Bc6 {[%clk 0:01:32]} 15. Na3
{[%clk 0:02:40]} cxb3 {[%clk 0:01:31]} 16. axb3 {[%clk 0:02:40]} Nd7
{[%clk 0:01:09]} 17. Nc4 {[%clk 0:02:29]} Qc7 {[%clk 0:01:10]} 18. Re3
{[%clk 0:02:05]} b5 {[%clk 0:01:10]} 19. Na5 {[%clk 0:01:47]} Bd5
{[%clk 0:01:06]} 20. c4 {[%clk 0:01:31]} Bc5 {[%clk 0:00:36]} 21. cxd5
{[%clk 0:01:31]} Bxe3 {[%clk 0:00:37]} 22. Qxe3 {[%clk 0:01:30]} Qxc2
{[%clk 0:00:36]} 23. dxe6 {[%clk 0:01:28]} Nf8 {[%clk 0:00:27]} 24. Qf3
{[%clk 0:01:19]} O-O-O {[%clk 0:00:27]} 25. Qb7# {[%clk 0:01:20]} 1-0

[Event "blitmenteam"]
[Site "?"]
[Date "2016.10.07"]
[Round "10.3"]
[White "Popov, Ivan"]
[Black "Belyakov, Bogdan"]
[Result "1-0"]
[LiveChessVersion "1.4.4"]
[BlackElo "2511"]
[WhiteElo "2606"]

1. e4 {[%clk 0:03:03]} e5 {[%clk 0:03:04]} 2. Nf3 {[%clk 0:03:04]} Nc6
{[%clk 0:03:05]} 3. Bc4 {[%clk 0:03:05]} Bc5 {[%clk 0:03:06]} 4. c3
{[%clk 0:03:06]} Nf6 {[%clk 0:03:06]} 5. d3 {[%clk 0:03:08]} O-O {[%clk 0:03:05]}
6. Bg5 {[%clk 0:03:09]} h6 {[%clk 0:03:05]} 7. Bh4 {[%clk 0:03:10]} Be7
{[%clk 0:03:06]} 8. Nbd2 {[%clk 0:03:09]} d5 {[%clk 0:02:56]} 9. Bxf6
{[%clk 0:03:03]} dxc4 {[%clk 0:02:56]} 10. Bxe7 {[%clk 0:03:03]} Qxe7
{[%clk 0:02:56]} 11. Nxc4 {[%clk 0:03:03]} Rd8 {[%clk 0:02:52]} 12. Qe2
{[%clk 0:02:58]} Bg4 {[%clk 0:02:47]} 13. h3 {[%clk 0:02:53]} Bxf3
{[%clk 0:02:44]} 14. Qxf3 {[%clk 0:02:54]} b5 {[%clk 0:02:41]} 15. Ne3
{[%clk 0:02:51]} g6 {[%clk 0:02:41]} 16. O-O {[%clk 0:02:40]} Kg7
{[%clk 0:02:35]} 17. Qe2 {[%clk 0:02:27]} Qe6 {[%clk 0:02:31]} 18. f4
{[%clk 0:02:26]} exf4 {[%clk 0:02:30]} 19. Rxf4 {[%clk 0:02:27]} Ne5
{[%clk 0:02:26]} 20. d4 {[%clk 0:02:26]} Nc4 {[%clk 0:02:27]} 21. Nxc4
{[%clk 0:02:17]} bxc4 {[%clk 0:02:26]} 22. Raf1 {[%clk 0:02:18]} Rd7
{[%clk 0:02:24]} 23. e5 {[%clk 0:02:18]} Rb8 {[%clk 0:02:19]} 24. Rf6
{[%clk 0:02:18]} Qd5 {[%clk 0:02:20]} 25. e6 {[%clk 0:02:07]} fxe6
{[%clk 0:02:17]} 26. Rxe6 {[%clk 0:02:07]} Rf8 {[%clk 0:01:32]} 27. Rxg6+
{[%clk 0:02:05]} Kxg6 {[%clk 0:01:32]} 28. Rxf8 {[%clk 0:02:05]} Kg7
{[%clk 0:01:24]} 29. Rf4 {[%clk 0:01:55]} Rf7 {[%clk 0:01:19]} 30. Qe5+
{[%clk 0:01:48]} Qxe5 {[%clk 0:01:20]} 31. Rxf7+ Kxf7 {[%clk 0:01:21]} 32. dxe5
{[%clk 0:01:50]} Ke6 {[%clk 0:01:22]} 33. Kf2 {[%clk 0:01:51]} Kxe5
{[%clk 0:01:23]} 34. Ke3 {[%clk 0:01:52]} h5 {[%clk 0:01:21]} 35. g4
{[%clk 0:01:52]} h4 {[%clk 0:01:22]} 36. Kf3 {[%clk 0:01:47]} a6 {[%clk 0:01:18]}
37. Ke3 {[%clk 0:01:48]} a5 {[%clk 0:01:18]} 38. Kf3 {[%clk 0:01:48]} a4
{[%clk 0:01:19]} 39. Ke3 {[%clk 0:01:49]} c6 {[%clk 0:01:20]} 40. Kf3
{[%clk 0:01:50]} c5 {[%clk 0:01:20]} 41. Ke3 {[%clk 0:01:51]} Kf6
{[%clk 0:01:17]} 42. Kf4 {[%clk 0:01:52]} Kg6 {[%clk 0:01:18]} 43. a3
{[%clk 0:01:47]} 1-0

[Event "blitmenteam"]
[Site "?"]
[Date "2016.10.07"]
[Round "10.4"]
[White "Sergeyev, Alexander"]
[Black "Motylev, Alexander"]
[Result "0-1"]
[LiveChessVersion "1.4.4"]
[BlackElo "2613"]
[WhiteElo "2406"]

1. e4 {[%clk 0:03:02]} c5 {[%clk 0:03:03]} 2. Nc3 {[%clk 0:03:04]} Nc6
{[%clk 0:03:04]} 3. Bb5 {[%clk 0:03:05]} Nd4 {[%clk 0:03:04]} 4. Nge2
{[%clk 0:03:06]} Nxb5 {[%clk 0:03:01]} 5. Nxb5 {[%clk 0:03:07]} d6
{[%clk 0:02:56]} 6. d4 {[%clk 0:03:08]} cxd4 {[%clk 0:02:52]} 7. Qxd4
{[%clk 0:03:09]} Bd7 {[%clk 0:02:48]} 8. Nbc3 {[%clk 0:02:55]} Nf6
{[%clk 0:02:36]} 9. Bg5 {[%clk 0:02:55]} Qa5 {[%clk 0:02:33]} 10. h4
{[%clk 0:02:46]} h6 {[%clk 0:02:21]} 11. Bxf6 {[%clk 0:02:43]} gxf6
{[%clk 0:02:22]} 12. O-O-O {[%clk 0:02:40]} e6 {[%clk 0:02:06]} 13. h5
{[%clk 0:02:41]} Rg8 {[%clk 0:01:55]} 14. g3 {[%clk 0:02:09]} Be7
{[%clk 0:01:55]} 15. Kb1 {[%clk 0:02:09]} O-O-O {[%clk 0:01:56]} 16. Qe3
{[%clk 0:02:07]} Bf8 {[%clk 0:01:53]} 17. Nf4 {[%clk 0:02:00]} Qc5
{[%clk 0:01:38]} 18. Qe2 {[%clk 0:01:46]} Kb8 {[%clk 0:01:38]} 19. Rd2
{[%clk 0:01:40]} Bc6 {[%clk 0:01:34]} 20. Rhd1 {[%clk 0:01:40]} Be7
{[%clk 0:01:35]} 21. Rd3 {[%clk 0:01:29]} Rc8 {[%clk 0:01:32]} 22. a3
{[%clk 0:01:18]} Qa5 {[%clk 0:01:29]} 23. R3d2 {[%clk 0:01:09]} f5
{[%clk 0:01:28]} 24. Nd3 {[%clk 0:00:55]} Bf6 {[%clk 0:01:24]} 25. Nb4
{[%clk 0:00:17]} Bxc3 {[%clk 0:01:22]} 26. bxc3 {[%clk 0:00:18]} Qxa3
{[%clk 0:01:15]} 27. exf5 {[%clk 0:00:13]} Qxc3 {[%clk 0:01:13]} 28. Na2
{[%clk 0:00:12]} Qf3 {[%clk 0:01:02]} 29. fxe6 {[%clk 0:00:12]} Qxe2
{[%clk 0:01:02]} 30. Rxe2 {[%clk 0:00:13]} Bf3 {[%clk 0:01:01]} 31. exf7 Rgf8 32.
Rde1 {[%clk 0:00:12]} Bxe2 {[%clk 0:01:03]} 33. Rxe2 {[%clk 0:00:14]} Rxf7
{[%clk 0:01:04]} 34. Nb4 {[%clk 0:00:13]} Rf5 {[%clk 0:01:03]} 35. g4
{[%clk 0:00:12]} Rb5 {[%clk 0:01:03]} 0-1

[Event "blitmenteam"]
[Site "?"]
[Date "2016.10.07"]
[Round "10.5"]
[White "Artemiev, Vladislav"]
[Black "Kurbedinov, Ramis"]
[Result "1-0"]
[LiveChessVersion "1.4.4"]
[BlackElo "2263"]
[WhiteElo "2781"]

1. d4 {[%clk 0:03:01]} Nf6 {[%clk 0:03:04]} 2. Nf3 {[%clk 0:03:02]} e6
{[%clk 0:03:05]} 3. Bf4 {[%clk 0:03:01]} b6 {[%clk 0:03:04]} 4. e3
{[%clk 0:03:01]} Bb7 {[%clk 0:03:04]} 5. Nbd2 {[%clk 0:03:01]} Be7
{[%clk 0:03:01]} 6. h3 {[%clk 0:03:01]} O-O {[%clk 0:03:02]} 7. Bd3
{[%clk 0:03:02]} d5 {[%clk 0:02:52]} 8. O-O {[%clk 0:03:00]} Nbd7
{[%clk 0:02:54]} 9. c3 {[%clk 0:02:55]} Ne4 {[%clk 0:02:44]} 10. Qc2
{[%clk 0:02:52]} f5 {[%clk 0:02:42]} 11. c4 {[%clk 0:02:52]} c5 {[%clk 0:02:30]}
12. cxd5 {[%clk 0:02:44]} exd5 {[%clk 0:02:31]} 13. dxc5 {[%clk 0:02:40]} bxc5
{[%clk 0:02:07]} 14. Rfd1 {[%clk 0:02:29]} Bf6 {[%clk 0:01:41]} 15. Rac1
{[%clk 0:02:04]} Qb6 {[%clk 0:01:39]} 16. Nb3 {[%clk 0:01:22]} c4
{[%clk 0:01:34]} 17. Bxc4 {[%clk 0:01:23]} dxc4 {[%clk 0:01:28]} 18. Qxc4+
{[%clk 0:01:23]} Kh8 {[%clk 0:01:29]} 19. Rxd7 {[%clk 0:01:24]} Rac8
{[%clk 0:01:26]} 20. Bc7 {[%clk 0:01:07]} Qa6 {[%clk 0:01:15]} 21. Qxa6
{[%clk 0:01:07]} Bxa6 {[%clk 0:01:16]} 22. Nbd4 {[%clk 0:01:00]} Rfe8
{[%clk 0:00:55]} 23. Rc6 {[%clk 0:00:44]} Bb7 {[%clk 0:00:48]} 24. Rc2
{[%clk 0:00:43]} g6 {[%clk 0:00:27]} 25. b3 {[%clk 0:00:28]} Bg7 {[%clk 0:00:24]}
26. Bf4 {[%clk 0:00:24]} Rxc2 {[%clk 0:00:21]} 27. Nxc2 {[%clk 0:00:25]} Bc6
{[%clk 0:00:11]} 28. Rxa7 {[%clk 0:00:25]} Nc3 {[%clk 0:00:10]} 29. Ncd4
{[%clk 0:00:26]} Bxf3 {[%clk 0:00:08]} 30. Nxf3 {[%clk 0:00:26]} Ne2+
{[%clk 0:00:08]} 31. Kf1 {[%clk 0:00:26]} Nc3 {[%clk 0:00:08]} 32. Rxg7
{[%clk 0:00:23]} 1-0

[Event "blitmenteam"]
[Site "?"]
[Date "2016.10.07"]
[Round "10.7"]
[White "Timofeev, Artyom"]
[Black "Derjabin, Ilja"]
[Result "1/2-1/2"]
[LiveChessVersion "1.4.4"]
[BlackElo "2400"]
[WhiteElo "2578"]

1. e4 {[%clk 0:03:03]} e6 {[%clk 0:03:03]} 2. d4 {[%clk 0:03:04]} d5
{[%clk 0:03:05]} 3. Nd2 {[%clk 0:03:05]} Nf6 {[%clk 0:03:05]} 4. e5
{[%clk 0:03:06]} Ne4 {[%clk 0:03:05]} 5. Bd3 {[%clk 0:03:05]} Nxd2
{[%clk 0:03:05]} 6. Bxd2 {[%clk 0:03:06]} c5 {[%clk 0:03:06]} 7. c3
{[%clk 0:02:57]} Nc6 {[%clk 0:03:06]} 8. Nf3 {[%clk 0:02:57]} Qb6
{[%clk 0:03:07]} 9. dxc5 {[%clk 0:02:40]} Qxb2 {[%clk 0:02:49]} 10. O-O
{[%clk 0:02:24]} Qa3 {[%clk 0:02:46]} 11. Re1 {[%clk 0:02:13]} Be7
{[%clk 0:02:33]} 12. Ng5 {[%clk 0:01:58]} Bxg5 {[%clk 0:02:01]} 13. Bxg5
{[%clk 0:01:59]} Qxc5 {[%clk 0:02:02]} 14. Rc1 {[%clk 0:01:52]} Bd7
{[%clk 0:01:56]} 15. Qg4 {[%clk 0:01:53]} h6 {[%clk 0:01:45]} 16. Be3
{[%clk 0:01:42]} Qf8 {[%clk 0:01:46]} 17. Qg3 {[%clk 0:01:41]} Rc8
{[%clk 0:01:25]} 18. h4 {[%clk 0:01:39]} Ne7 {[%clk 0:01:17]} 19. Bxa7
{[%clk 0:01:36]} Nf5 {[%clk 0:01:19]} 20. Bxf5 {[%clk 0:01:34]} exf5
{[%clk 0:01:20]} 21. Rb1 {[%clk 0:01:28]} b5 {[%clk 0:01:06]} 22. Bd4
{[%clk 0:01:28]} Rg8 {[%clk 0:00:56]} 23. a4 {[%clk 0:01:14]} bxa4
{[%clk 0:00:53]} 24. Rb7 {[%clk 0:01:15]} g5 {[%clk 0:00:36]} 25. Qf3
{[%clk 0:01:10]} Be6 {[%clk 0:00:34]} 26. Qd1 {[%clk 0:01:09]} Qa3
{[%clk 0:00:34]} 27. Qb1 {[%clk 0:01:05]} Kf8 {[%clk 0:00:31]} 28. hxg5
{[%clk 0:01:03]} Rxg5 {[%clk 0:00:31]} 29. Rb6 {[%clk 0:00:57]} Kg8
{[%clk 0:00:27]} 30. Re2 {[%clk 0:00:38]} Qf8 {[%clk 0:00:27]} 31. Ra2
{[%clk 0:00:38]} Qg7 {[%clk 0:00:23]} 32. f3 {[%clk 0:00:38]} f4 33. Kf1
{[%clk 0:00:36]} Rh5 {[%clk 0:00:21]} 34. Qb4 {[%clk 0:00:28]} Rc4
{[%clk 0:00:13]} 35. Rb8+ {[%clk 0:00:27]} Kh7 {[%clk 0:00:14]} 36. Qb6
{[%clk 0:00:28]} Rxd4 {[%clk 0:00:13]} 1/2-1/2

[Event "blitmenteam"]
[Site "?"]
[Date "2016.10.07"]
[Round "10.8"]
[White "Papenin, Nikolai"]
[Black "Hasangatin, Ramil"]
[Result "1/2-1/2"]
[LiveChessVersion "1.4.4"]
[BlackElo "2519"]
[WhiteElo "2334"]

1. d4 {[%clk 0:03:02]} d6 {[%clk 0:03:03]} 2. c4 {[%clk 0:03:03]} e5
{[%clk 0:03:05]} 3. Nf3 {[%clk 0:02:57]} e4 {[%clk 0:03:06]} 4. Ng5
{[%clk 0:02:54]} f5 {[%clk 0:03:08]} 5. Nc3 {[%clk 0:02:45]} Be7 {[%clk 0:03:08]}
6. Nh3 {[%clk 0:02:39]} Nf6 {[%clk 0:03:06]} 7. g3 {[%clk 0:02:39]} c6
{[%clk 0:03:06]} 8. d5 {[%clk 0:02:35]} Na6 {[%clk 0:03:07]} 9. Bg2
{[%clk 0:02:35]} O-O {[%clk 0:03:07]} 10. Nf4 {[%clk 0:02:29]} Nc7
{[%clk 0:03:08]} 11. O-O {[%clk 0:02:12]} Ng4 {[%clk 0:03:00]} 12. f3
{[%clk 0:02:09]} exf3 {[%clk 0:03:01]} 13. exf3 {[%clk 0:02:06]} Ne5
{[%clk 0:03:02]} 14. b3 {[%clk 0:01:57]} Bf6 {[%clk 0:03:03]} 15. Bb2
{[%clk 0:01:57]} c5 {[%clk 0:02:49]} 16. Qd2 {[%clk 0:01:48]} g6 {[%clk 0:02:48]}
17. Rad1 {[%clk 0:01:28]} Re8 {[%clk 0:02:27]} 18. h3 {[%clk 0:01:06]} a6
{[%clk 0:02:28]} 19. g4 {[%clk 0:00:57]} Qe7 {[%clk 0:02:23]} 20. gxf5
{[%clk 0:00:52]} Bxf5 {[%clk 0:02:23]} 21. Ne4 {[%clk 0:00:50]} Bg7
{[%clk 0:02:23]} 22. Ng3 {[%clk 0:00:46]} Bd7 {[%clk 0:02:19]} 23. Ne6
{[%clk 0:00:44]} Bxe6 {[%clk 0:01:53]} 24. dxe6 {[%clk 0:00:45]} Nxe6
{[%clk 0:01:54]} 25. f4 {[%clk 0:00:46]} Nc6 {[%clk 0:01:55]} 26. Bxg7
{[%clk 0:00:44]} Nxg7 {[%clk 0:01:46]} 27. Qxd6 {[%clk 0:00:39]} Nd4
{[%clk 0:01:31]} 28. Qd5+ {[%clk 0:00:37]} Kh8 {[%clk 0:01:32]} 29. Qxb7
{[%clk 0:00:27]} Qxb7 {[%clk 0:01:07]} 30. Bxb7 {[%clk 0:00:29]} Ra7
{[%clk 0:01:08]} 31. Bd5 {[%clk 0:00:28]} a5 {[%clk 0:01:03]} 32. Rde1
{[%clk 0:00:26]} Rae7 {[%clk 0:01:03]} 33. Re5 {[%clk 0:00:20]} Rxe5
{[%clk 0:00:45]} 34. fxe5 h6 35. Rf6 {[%clk 0:00:18]} Rxe5 {[%clk 0:00:36]} 36.
Rxg6 {[%clk 0:00:12]} Re3 {[%clk 0:00:17]} 37. Kf2 {[%clk 0:00:10]} Rc3
{[%clk 0:00:17]} 38. Ra6 {[%clk 0:00:10]} 1/2-1/2